La guerre des jumeaux (Record no. 57989)
[ view plain ]
| 000 -LEADER | |
|---|---|
| fixed length control field | 00909 a2200217 4500 |
| 008 - FIXED-LENGTH DATA ELEMENTS--GENERAL INFORMATION | |
| fixed length control field | 230302b ||||| |||| 00| 0 eng d |
| 020 ## - INTERNATIONAL STANDARD BOOK NUMBER | |
| International Standard Book Number | 9788490493458 |
| 050 ## - LIBRARY OF CONGRESS CALL NUMBER | |
| Classification number | PC3608 |
| Item number | .S3 2019 |
| 100 ## - MAIN ENTRY--PERSONAL NAME | |
| Personal name | Schmitt, Sylvie |
| 245 ## - TITLE STATEMENT | |
| Title | La guerre des jumeaux |
| Statement of responsibility, etc | Sylvie Schmitt |
| 260 ## - PUBLICATION, DISTRIBUTION, ETC. (IMPRINT) | |
| Name of publisher, distributor, etc | CLE International; |
| Date of publication, distribution, etc | c2019 |
| Place of publication, distribution, etc | [Paris]: |
| 300 ## - PHYSICAL DESCRIPTION | |
| Extent | 47 p. : |
| Other physical details | ill; |
| Dimensions | 21 cm |
| 440 ## - SERIES STATEMENT/ADDED ENTRY--TITLE | |
| Title | Découverte : lecture en français facile A1.1 |
| 500 ## - GENERAL NOTE | |
| General note | La couv. porte: Audio téléchargeable |
| 500 ## - GENERAL NOTE | |
| General note | Enfants (6-9 ans) |
| 500 ## - GENERAL NOTE | |
| General note | Enfants (9-12 ans) |
| 520 ## - SUMMARY, ETC. | |
| Summary, etc | Charlie et Lili sont jumeaux mais ils se disputent tout le temps... Chaque dimanche, ils emmènent leur chien, Otto, se promener dans le parc. Mais aujourd'hui, Otto a décidé de suivre son chemin... Ce n'est plus le moment de se chamailler! [4e de couv.] |
| 650 ## - SUBJECT ADDED ENTRY--TOPICAL TERM | |
| Source of heading or term | Français (langue) |
| 650 ## - SUBJECT ADDED ENTRY--TOPICAL TERM | |
| Source of heading or term | Manuels pour allophones |
| 942 ## - ADDED ENTRY ELEMENTS (KOHA) | |
| Item type | Book |
| Source of classification or shelving scheme | Library of Congress Classification |
| Withdrawn status | Lost status | Source of classification or shelving scheme | Damaged status | Not for loan | Collection code | Home library | Current library | Shelving location | Date acquired | Source of acquisition | Cost, normal purchase price | Total Checkouts | Total Renewals | Full call number | Barcode | Date last seen | Date last borrowed | Copy number | Price effective from | Koha item type |
|---|---|---|---|---|---|---|---|---|---|---|---|---|---|---|---|---|---|---|---|---|
| Library of Congress Classification | Fiction | Bishop Okullu Memorial Library (Limuru Campus) | Bishop Okullu Memorial Library (Limuru Campus) | General Circulation | 02/03/2023 | Purchase | 1550.00 | 2 | 1 | PC3608 .S3 2019 | 069658 | 26/10/2024 | 23/09/2024 | 1 | 02/03/2023 | Book |